| 000 | 00911nam a22002057a 4500 | ||
|---|---|---|---|
| 003 | 0 | ||
| 005 | 20251105091621.0 | ||
| 008 | 251105b xxu||||| |||| 00| 0 eng d | ||
| 020 | _a978-0-7852-9638-6 | ||
| 050 |
_aBJ 1589 _b.Z54 2022 |
||
| 100 |
_aZiglar, Zig, _d1926–2012, _eauthor. |
||
| 245 |
_aHappiness to live by : _b100 inspiring stories to bring joy to your heart / _cZig Ziglar. |
||
| 260 |
_aNashville : _bW Publishing Group, _c2022. |
||
| 300 |
_aviii, 200 pages ; _c20 cm. |
||
| 520 | _aA collection of one hundred motivational stories and reflections by Zig Ziglar that inspire readers to live with faith, integrity, and optimism. Drawing from personal experiences and timeless wisdom, the author offers encouragement for achieving happiness, success, and a meaningful life. | ||
| 650 | _aConduct of life. | ||
| 650 | _aHappiness. | ||
| 650 |
_aSuccess _xReligious aspects. |
||
| 942 |
_2lcc _cBK |
||
| 999 |
_c368464 _d368464 |
||